| 000 | 00617nam a2200205Ii 4500 | ||
|---|---|---|---|
| 003 | JO-AjNU | ||
| 008 | 230606s9999||||xx |||||||||||||| ||und|| | ||
| 020 | _a979-8-654-54093-5 | ||
| 040 |
_aJO-AjNU _beng _erda _cJO-AjNU |
||
| 041 | _aeng | ||
| 050 | 1 | 4 | _aTA1632.2010 |
| 100 | 3 |
_aDara, Raju, Subhadra Perumalla, Rajesh saturi, Dasari Kiran Kumar , _eauthor _96454 |
|
| 245 | 0 | 0 | _aDigital Image Processing |
| 250 | _a1ed | ||
| 300 | _a155p | ||
| 336 |
_atext _btxt _2rdacontent |
||
| 337 |
_aunmediated _bn _2rdamedia |
||
| 338 |
_avolume _bnc _2rdacarrier |
||
| 650 | 4 |
_aImage processing-Digital techniques _96455 |
|
| 999 |
_aE3348 _c3344 _d3344 |
||